[Event "Manhem Chess Week GM"]
[Site "Gothenburg SWE"]
[Date "2010.08.18"]
[Round "9"]
[White "Carlhammar,M"]
[Black "Ivanov,MM"]
[Result "1-0"]
[WhiteElo "2311"]
[BlackElo "2486"]

1.Nf3 d5 2.g3 Bg4 3.Bg2 Nd7 4.c4 e6 5.cxd5 exd5 6.O-O Ngf6 7.d3 Bd6 8.h3 Bh5
9.Nc3 c6 10.e4 O-O 11.Bg5 Qb8 12.exd5 Nxd5 13.Nxd5 cxd5 14.Qb3 Bxf3 15.Bxf3 Bxg3
16.Qxd5 Bd6 17.d4 h6 18.Bh4 Nb6 19.Qxb7 Qxb7 20.Bxb7 Rab8 21.Bc6 f5 22.f3 Rfc8
23.Rac1 Bf4 24.Rc5 Bd6 25.Rc3 Kh7 26.Bf2 Bb4 27.Rcc1 Rd8 28.a3 Bd6 29.b4 Bf4
30.Rc5 g6 31.Re1 Bd6 32.Ra5 Nc8 33.d5 h5 34.Re6 Kh6 35.Be3+ f4 36.Bxa7 Nxa7
37.Rxa7 Bf8 38.Rf7 Bg7 39.Rxf4 Bb2 40.a4 Ba3 41.b5  1-0

[Event "ch-FRA NatB"]
[Site "Belfort FRA"]
[Date "2010.08.19"]
[Round "10"]
[White "Shchekachev,A"]
[Black "Bailet,P"]
[Result "1-0"]
[WhiteElo "2546"]
[BlackElo "2425"]

1.g3 d5 2.Nf3 Nf6 3.Bg2 e6 4.O-O Be7 5.d3 O-O 6.Nbd2 Nbd7 7.Re1 e5 8.e4 dxe4
9.Nxe4 Re8 10.Ned2 Bc5 11.b3 c6 12.Bb2 Qc7 13.Re2 b5 14.d4 exd4 15.Rxe8+ Nxe8
16.Ne4 Bf8 17.Nxd4 Bb7 18.Nf5 Ne5 19.Qh5 f6 20.Nd4 Qf7 21.Qxf7+ Nxf7 22.Ne6 c5
23.Nxf6+ Nxf6 24.Bxb7 Re8 25.Nxf8 Kxf8 26.Bc6 Re2 27.Rc1 Ne4 28.Bxb5 Rxf2
29.Bd3 Nfg5 30.Bxe4 Nxe4 31.Rf1  1-0

[Event "Ramadan Master Open"]
[Site "Abu Dhabi UAE"]
[Date "2010.08.20"]
[Round "9"]
[White "Gabuzyan,H"]
[Black "Malakhatko,V"]
[Result "0-1"]
[WhiteElo "2261"]
[BlackElo "2576"]

1.Nf3 d5 2.g3 c6 3.Bg2 Bg4 4.O-O Nd7 5.c4 Bxf3 6.Bxf3 Ne5 7.Qb3 Nxf3+ 8.Qxf3 dxc4
9.Qf4 h5 10.h4 Nf6 11.Qxc4 Qd7 12.d3 g6 13.Nd2 Bg7 14.Nf3 O-O 15.Kg2 Ng4
16.Rb1 a5 17.Bg5 e6 18.Rfc1 Rfc8 19.a4 c5 20.Rc2 b6 21.Rbc1 Re8 22.Qb5 Qxb5
23.axb5 f6 24.Bd2 e5 25.Bc3 Bh6 26.Ra1 Rad8 27.Ra4 Re6 28.Bd2 Kg7 29.Ng5 fxg5
30.hxg5 Bxg5 31.Bxg5 Rd4 32.Rcc4 Nf6 33.Be3 Rd7 34.Rh4 Rf7 35.Bg5 Nd5 36.g4 Nf4+
37.Kf1 hxg4 38.Rxg4 Nd5 39.Rh4 Kg8 40.Rh6 Rh7 41.Rxh7 Kxh7 42.Re4 Nc7 43.Bd8 Nxb5
44.f4 Rd6 45.Be7 Rd7 46.Rxe5 Nd4 47.Bg5 Kg7 48.Re8 Rb7 49.Rc8 a4 50.e3 Ne6
51.Bh4 b5 52.Rc6 Kf7 53.e4 b4 54.f5 gxf5 55.exf5 Nd4 56.Rh6 Kg8 57.Bf6 Rb5
58.Bg5 Nxf5 59.Ra6 a3 60.Bc1 axb2 61.Bxb2 Ne3+ 62.Ke2 Nd5 63.Kd2 Kf7 64.Kc2 b3+
65.Kd2 Ke7 66.Ra7+ Kd6 67.Ra6+ Kc7 68.Ra7+ Kb6 69.Ra8 Kb7 70.Rd8 Nb6 71.Rh8 Rb4
72.Rh7+ Ka6 73.Rh6 Kb5 74.Rh8 Ka6 75.Rh6 Kb5 76.Rh8 Rg4 77.Rb8 Kc6 78.Bh8 Rg2+
79.Kc1 Rc2+ 80.Kb1 Rd2 81.Rd8 Na4 82.Kc1 b2+ 83.Bxb2 Rxb2 84.Rc8+ Kd5 85.Rd8+ Ke5
86.Re8+ Kd6 87.Ra8 Rb4 88.Kd2 Nb6 89.Rh8 Rb2+ 90.Ke3 Nd5+ 91.Kf3 Rd2  0-1

[Event "Sants Open A"]
[Site "La Bordeta ESP"]
[Date "2010.08.20"]
[Round "1"]
[White "Markowski,T"]
[Black "Lacasta Palacios,J"]
[Result "1-0"]
[WhiteElo "2628"]
[BlackElo "2157"]

1.g3 d5 2.Nf3 Nf6 3.Bg2 c6 4.O-O Bf5 5.d3 h6 6.c4 e6 7.Qb3 Qb6 8.Qc2 Nbd7
9.cxd5 cxd5 10.Nc3 Be7 11.e4 dxe4 12.dxe4 Bh7 13.Be3 Qa5 14.Nd4 O-O 15.Nb3 Qa6
16.Rfd1 Rfc8 17.Qe2 Qxe2 18.Nxe2 Ne5 19.Bd4 Nc6 20.Nc3 e5 21.Be3 Bf8 22.f3 b6
23.Bf1 Nb4 24.Rd2 Rd8 25.Rad1 Rxd2 26.Rxd2 g5 27.a3 Nc6 28.Ba6 Nd8 29.Kf2 Kg7
30.h3 Ne6 31.Bc4 Nc5 32.Nxc5 Bxc5 33.Bxc5 bxc5 34.Rd6 Rb8 35.b3 Rb7 36.Ke3 Bg6
37.Rc6 Nh5 38.Ne2 f6 39.Rxc5 Bf7 40.Bxf7 Kxf7 41.b4 Ng7 42.f4 Ne6 43.Ra5 exf4+
44.gxf4 Rc7 45.Ra6 h5 46.f5 Ng7 47.b5 h4 48.Kf3 Rd7 49.a4 Ne8 50.Ke3 Rc7
51.Nd4 Rc3+ 52.Ke2 Rxh3 53.Rxa7+ Kg8 54.b6 Rh2+ 55.Kd3 Rh3+  1-0

[Event "9th Open"]
[Site "Istanbul TUR"]
[Date "2010.08.21"]
[Round "1"]
[White "Kavacik,A"]
[Black "Ghane,S"]
[Result "0-1"]
[WhiteElo "1830"]
[BlackElo "2368"]

1.Nf3 d5 2.g3 Bg4 3.Bg2 Nd7 4.d4 Ngf6 5.Nbd2 e6 6.O-O h6 7.c4 c6 8.Re1 Bb4
9.a3 Ba5 10.b4 Bb6 11.Bb2 Bf5 12.Ne5 Nxe5 13.dxe5 Ng4 14.c5 Bc7 15.e4 dxe4
16.Bxe4 Qg5 17.Nc4 h5 18.h4 Qg6 19.Bf3 O-O 20.Nd6 Rad8 21.Qc1 f6 22.Nxb7 Rd3
23.Bxc6 Nxf2 24.Qf4 Nh3+  0-1

[Event "27th Open A"]
[Site "Collado Villalba ESP"]
[Date "2010.08.22"]
[Round "3"]
[White "Perez Cameselle,F"]
[Black "De la Fuente Gonzalez,F"]
[Result "0-1"]
[WhiteElo "1974"]
[BlackElo "2240"]

1.Nf3 d5 2.g3 Nf6 3.Bg2 c6 4.O-O Bf5 5.d3 e6 6.Nbd2 h6 7.Qe1 Be7 8.e4 Bh7
9.Qe2 O-O 10.e5 Nfd7 11.Re1 c5 12.c4 Nb6 13.cxd5 Nxd5 14.Rd1 Nc6 15.Ne4 Qc7
16.Nc3 Rad8 17.d4 Ndb4 18.Be3 Nc2 19.Rac1 cxd4 20.Nb5 d3  0-1

[Event "BDO Challengers"]
[Site "Haarlem NED"]
[Date "2010.08.22"]
[Round "2"]
[White "De Wit,T"]
[Black "Manea,Al"]
[Result "1/2-1/2"]
[WhiteElo "2268"]
[BlackElo "2390"]

1.Nf3 d5 2.g3 g6 3.Bg2 Bg7 4.O-O e5 5.d3 c5 6.c4 d4 7.e3 Ne7 8.exd4 exd4
9.Re1 Nc6 10.Nbd2 O-O 11.Ne4 b6 12.Bf4 Bd7 13.Qd2 Bf5 14.Bh6 Qd7 15.Bxg7 Kxg7
16.Qf4 f6 17.h4 Rad8 18.a3 Rf7 19.h5 g5 20.h6+ Kh8 21.Qd2 a5 22.Re2 Bg4 23.Ree1 Ng8
24.Nh2 Bf5 25.f4 g4 26.Nf2 Nxh6 27.Bd5 Re7 28.Ne4 Kg7 29.Qg2 Rde8 30.Nf1 Qc7
31.Kf2 Bd7 32.Qh1 f5 33.Nf6 Rxe1 34.Rxe1 Rxe1 35.Kxe1 Ne7 36.Qh4 Nxd5 37.cxd5 Nf7
38.Nxh7 Qd8 39.Ng5 Qe8+ 40.Kd2 Nh6 41.Qh2 a4 42.Kd1 Qe7 43.Nd2 b5 44.Qf2 Kg6
45.b3 axb3 46.Nxb3 c4 47.d6 Qxd6 48.Qxd4 Qxd4 49.Nxd4 cxd3 50.Kd2 Ng8 51.Kxd3 Nf6
52.Nge6 Bxe6 53.Nxe6 Ne4 54.Nd4 Nxg3 55.Nxb5 Ne4 56.Ke2 Nc5 57.Kf2 Kf6 58.Kg2 Nb3
59.Nc7 Nc5 60.Nb5 Na4 61.Nd4 Nc5 62.Nb5 Ke6 63.Nd4+ Kf6 64.Nb5  1/2-1/2

[Event "46th Akiba Rubinstein Open A"]
[Site "Polanica Zdroj POL"]
[Date "2010.08.22"]
[Round "4"]
[White "Klepaczka,T"]
[Black "Nojszewski,A"]
[Result "1-0"]
[WhiteElo "2108"]
[BlackElo "1960"]

1.Nf3 d5 2.g3 Nf6 3.Bg2 e6 4.O-O c5 5.d4 cxd4 6.Nxd4 Nc6 7.c4 Be7 8.cxd5 exd5
9.b3 O-O 10.Bb2 Nxd4 11.Qxd4 Be6 12.Nc3 Qd7 13.Rfd1 Rfd8 14.Rd2 b6 15.Rad1 Rac8
16.e3 Bg4 17.Ne2 Bc5 18.Qf4 Bd6 19.Be5 Bxe5 20.Qxe5 Qc7 21.Qxc7 Rxc7 22.h3 Bxe2
23.Rxe2 Rcd7 24.Rd4 Kf8 25.Kf1 g6 26.Rc2 Ne8 27.Rcd2 Nf6 28.h4 h5 29.Rc2 Ne8
30.Bh3 f5 31.Rcd2 Nf6 32.Rc2 Ne8 33.Bg2 Nf6 34.Ke2 Ke7 35.Kf3 Ne4 36.Kf4 Kf6
37.Rc6+ Rd6 38.Rxd5 Rxc6 39.Rxd8 Rc2 40.Bxe4 fxe4 41.a4 Rxf2+ 42.Kxe4 Rg2
43.Rd6+ Kf7 44.Rd7+ Ke6 45.Rxa7 Rxg3 46.Ra6 Rg4+ 47.Kf3 Rxh4 48.Rxb6+ Kf5
49.Rb5+ Kf6 50.a5 Rh3+ 51.Kg2 Rxe3 52.Rb4 Re8 53.a6 Ra8 54.Rb6+ Ke5 55.b4 Kd5
56.b5 Kc5 57.Rb7 g5 58.a7 g4 59.b6 Kc6 60.Rb8  1-0

[Event "TCh-SRB 1st League"]
[Site "Vrnjacka Banja SRB"]
[Date "2010.08.22"]
[Round "2"]
[White "Paunovic,D"]
[Black "Drazic,S"]
[Result "0-1"]
[WhiteElo "2553"]
[BlackElo "2535"]

1.Nf3 d5 2.g3 Nf6 3.Bg2 e6 4.O-O b6 5.c4 Bb7 6.cxd5 Nxd5 7.d4 Be7 8.Qa4+ Qd7
9.Qb3 O-O 10.e4 Nf6 11.Nc3 Rd8 12.Bf4 Na6 13.Rfe1 h6 14.Rad1 c6 15.a3 Qc8
16.Qa2 Nc7 17.Rc1 Bf8 18.h4 Nce8 19.Bh3 Qd7 20.Rcd1 Qe7 21.Qb3 b5 22.Bg2 a6
23.Ne5 Nc7 24.Be3 Nd7 25.Nxd7 Qxd7 26.Ne2 a5 27.Nf4 a4 28.Qc2 b4 29.Nd3 bxa3
30.Nc5 Bxc5 31.dxc5 Qe7 32.bxa3 Nb5 33.Qb2 Rxd1 34.Rxd1 Rd8 35.Bf3 e5 36.Qb4 Ra8
37.Rd2 Bc8 38.Bd1 Bh3 39.Bxa4 Qf6 40.Bd1 Rxa3 41.Kh2 Be6 42.Kg2 Kh7 43.h5 g6
44.Qb2 gxh5 45.Bxh5 Rb3 46.Qc2 Na3 47.Qd1 Rxe3 48.fxe3 Nc4 49.Rd3 Nb2 50.Qd2 Nxd3
51.Qxd3 Qg5 52.Bf3 h5 53.Qe2 h4 54.g4 Kh6 55.Kh3 Qf6 56.Qf2 Kg7 57.Kg2 Qe7
58.Qc2 Qg5 59.Qe2 Kf8 60.Kh3 Qf6 61.Qd1 Ke8 62.Qe2 Kf8 63.Kg2 Kg8 64.Qf2 Kg7
65.Qe2 Kg6 66.Qd1 Qe7 67.Qc2 Kg5 68.Qf2 Qd7 69.Qb2 f6 70.Kh2 Bxg4 71.Qg2 Qe6
72.Be2 Kh5 73.Qh3 Qd7 74.Kg2 Qg7 75.Kf2 Qg5 76.Qf1 Bxe2 77.Qxe2+ Qg4 78.Qc4 Qg3+
79.Ke2 Qg2+ 80.Ke1 Qf3 81.Kd2 h3 82.Qf7+ Kh4 83.Qh7+ Kg3 84.Qg6+ Kf2  0-1

[Event "27th Open A"]
[Site "Collado Villalba ESP"]
[Date "2010.08.23"]
[Round "4"]
[White "Estrada Martinez,C"]
[Black "Gomez Garrido,C"]
[Result "0-1"]
[WhiteElo "2218"]
[BlackElo "2499"]

1.Nf3 d5 2.g3 c6 3.Bg2 Nf6 4.d4 Bg4 5.O-O Nbd7 6.Bf4 e6 7.Nbd2 a6 8.Ne5 Nxe5
9.Bxe5 Nd7 10.Bf4 Qb6 11.Nb3 Be7 12.Qd2 g5 13.Be3 Qc7 14.f3 Bh5 15.Bf2 Nb6
16.Qa5 Bd6 17.e4 Nc4 18.Qxc7 Bxc7 19.Rab1 a5 20.g4 Bg6 21.Rfd1 Bf4 22.Nc5 Ne3
23.Bxe3 Bxe3+ 24.Kf1 b6 25.Nb3 Bf4 26.h3 h5 27.Kf2 Kd7 28.Nc1 hxg4 29.hxg4 Rh2
30.Nd3 dxe4 31.Nxf4 gxf4 32.Kg1 Rh4 33.fxe4 Rxg4 34.Kf2 Rxg2+  0-1

[Event "USCL"]
[Site "ICC INT"]
[Date "2010.08.23"]
[Round "1"]
[White "Mikhailuk,S"]
[Black "Gurevich,D"]
[Result "0-1"]
[WhiteElo "2431"]
[BlackElo "2466"]

1.Nf3 d5 2.g3 Nf6 3.Bg2 c6 4.O-O Bf5 5.d3 e6 6.Nfd2 h6 7.e4 Bh7 8.f4 Be7
9.Qe2 O-O 10.Nc3 b5 11.g4 b4 12.Nd1 dxe4 13.dxe4 Qb6+ 14.Kh1 Qa6 15.Qf3 Nbd7
16.Nf2 Nc5 17.Re1 Rad8 18.Bf1 Qb7 19.Nd3 Nfd7 20.Nb3 Na4 21.Nd2 c5 22.b3 Nc3
23.Bb2 Nb6 24.Bg2 a5 25.f5 Bg5 26.Nf1 c4 27.Nf4 Nb5 28.Nh5 c3 29.Bc1 Rd2
30.h4 Bxh4 31.Bxd2 cxd2 32.Nxd2 Rd8 33.Nf1 Nd4 34.Qh3 Bxe1 35.Rxe1 Qe7 36.f6 gxf6
37.Qe3 Bg6 38.Qxh6 Bxh5 39.gxh5 Rc8 40.Ne3 Rc5 41.Ng4 Nd7 42.e5 f5 43.Nf6+ Nxf6
44.exf6 Qf8 45.Qg5+ Kh7 46.Rd1 e5 47.Rd3 Qh6 48.Qh4 Rxc2 49.Rg3 Ne6 50.Bh3 Rf2
51.Kg1 Rf4 52.Bxf5+ Rxf5 53.Qg4 Qc1+ 54.Kh2 Rf2+ 55.Rg2 Qf4+  0-1

[Event "6th Prospero A Pichay Cup"]
[Site "Manila PHI"]
[Date "2010.08.23"]
[Round "5"]
[White "Dimakiling,O"]
[Black "Yu Lie"]
[Result "1/2-1/2"]
[WhiteElo "2418"]
[BlackElo "2447"]

1.Nf3 d5 2.g3 Nf6 3.Bg2 g6 4.O-O Bg7 5.c4 c6 6.d4 O-O 7.Nbd2 Nbd7 8.a4 Re8
9.a5 Ne4 10.cxd5 cxd5 11.Nxe4 dxe4 12.Ng5 Nf8 13.Qb3 Ne6 14.Rd1 Nxg5 15.Bxg5 Bg4
16.Rd2 h6 17.Be3 Be6 18.d5 Bf5 19.h3 h5 20.g4 hxg4 21.hxg4 Bxg4 22.Bxe4 Qd7
23.Qb4 Bxe2 24.Rxe2 Qg4+ 25.Kf1 f5 26.f3 Qh3+ 27.Rg2 fxe4 28.Qxe4 Rf8 29.Qxg6 Qxf3+
30.Bf2 Rf7 31.Kg1 Rd8 32.Bd4 Rxd5 33.Rc1 Qf5 34.Qxg7+ Rxg7 35.Bxg7 Qh3 36.Bc3+ Kf7
37.Re1 Rh5 38.Ree2 Qh1+ 39.Kf2 Qc1 40.Re1 Qf4+ 41.Kg1 Qh6 42.Re4 Rh1+ 43.Kf2 Qc1
44.Reg4 Rf1+ 45.Kg3 Qe3+ 46.Kh2 Qh6+ 47.Kg3 Qd6+ 48.Kh4 Rh1+ 49.Kg5 Qd5+
50.Kf4 Rf1+ 51.Kg3 Qf3+ 52.Kh2 Qe3 53.Rg7+ Ke8 54.Rg8+ Kd7 55.R8g4 Qh6+ 56.Kg3 Qd6+
57.Kh4 Rh1+ 58.Kg5 Qh6+ 59.Kf5 Rf1+ 60.Ke4 Qc6+ 61.Ke3 Qf3+ 62.Kd4 Rd1+ 63.Kc4 Qd5+
64.Kb4 a6 65.Rg5 Qe4+ 66.Kb3 Rd5 67.R5g4 Qd3 68.Ka2 Kc6 69.R2g3 Qf5 70.Rg6+ e6
71.R3g4 Rd1 72.R6g5 Qf1 73.Kb3 Rd3 74.Rc4+ Kd6 75.Ka2 e5 76.Bxe5+ Kd5 77.Rf4 Qd1
78.Bd4+ Ke6 79.Re5+ Kd7 80.Rf7+ Kd6 81.Rf6+ Kd7 82.Rf7+ Kd6 83.Rf6+ Kd7 84.Rf7+  1/2-1/2

[Event "25th Open"]
[Site "Schwarzach AUT"]
[Date "2010.08.23"]
[Round "3"]
[White "Wohl,A"]
[Black "Kunin,V"]
[Result "0-1"]
[WhiteElo "2375"]
[BlackElo "2534"]

1.Nf3 d5 2.g3 Nf6 3.Bg2 c6 4.b3 Bg4 5.Bb2 Nbd7 6.d3 e6 7.Nbd2 a5 8.a3 Bd6
9.h3 Bxf3 10.Nxf3 e5 11.Nh4 O-O 12.e4 a4 13.Nf5 Bb8 14.b4 d4 15.c4 g6 16.Nh6+ Kg7
17.Qd2 Ng8 18.Nxg8 Kxg8 19.h4 h5 20.Bh3 c5 21.Qh6 Bd6 22.Be6 fxe6 23.Qxg6+ Kh8
24.Qh6+ Kg8 25.Qxe6+ Kg7 26.Qxd6 Ra6 27.Qd5 Qc7 28.Bxd4 cxd4 29.f4 Rg6 30.O-O-O Nf6
31.Qb5 Ng4 32.Rdf1 exf4 33.gxf4 Rxf4 34.Qxh5 Rxf1+ 35.Rxf1 Ne3 36.Re1 Nxc4
37.Qc5 Qf4+ 38.Kb1 Qf2 39.Qe7+ Kh6 40.Qf8+ Qxf8  0-1

[Event "Open"]
[Site "Baku AZE"]
[Date "2010.08.24"]
[Round "2"]
[White "Maghalashvili,Da"]
[Black "Orujov,E"]
[Result "1-0"]
[WhiteElo "2465"]
[BlackElo "2187"]

1.Nf3 d5 2.g3 Nc6 3.d4 Bg4 4.Bg2 g6 5.c4 Bg7 6.cxd5 Bxf3 7.Bxf3 Nxd4 8.Bg2 h5
9.h4 Nh6 10.Nc3 Ng4 11.Qa4+ Qd7 12.Qxd7+ Kxd7 13.O-O Ne5 14.Rd1 Nc4 15.e3 Nc2
16.Rb1 f5 17.Ne2 Be5 18.Nf4 Bxf4 19.gxf4 b5 20.d6 Rad8 21.a3 Kc8 22.Bd2 Rxd6
23.Bc3 Rhd8 24.Rxd6 Rxd6 25.Rc1 N2xe3 26.fxe3 Nxe3 27.Be5 Rd1+ 28.Rxd1 Nxd1
29.Bc6 Ne3 30.Be8  1-0

[Event "TCh-SRB 1st League"]
[Site "Vrnjacka Banja SRB"]
[Date "2010.08.24"]
[Round "4"]
[White "Laketic,G"]
[Black "Stamenkovic,A"]
[Result "1-0"]
[WhiteElo "2442"]
[BlackElo "2274"]

1.Nf3 d5 2.g3 Nf6 3.Bg2 c6 4.d3 Bf5 5.Nbd2 h6 6.O-O e6 7.Qe1 Be7 8.e4 Bh7
9.Qe2 O-O 10.Re1 Na6 11.a3 dxe4 12.dxe4 Nc5 13.Ne5 Qd4 14.Nec4 b5 15.Na5 Rac8
16.Ndb3 Qa4 17.Nxc5 Bxc5 18.Bd2 Bb6 19.Bb4 Bxa5 20.b3 Bxb4 21.bxa4 Bxe1 22.Rxe1 Rfd8
23.f3 Bg6 24.Rd1 a6 25.Rd3 Rd7 26.Qd2 Rcd8 27.Bf1 Rxd3 28.Bxd3 Rd4 29.axb5 cxb5
30.Qa5 Ra4 31.Qd8+ Kh7 32.Qd6 Ne8 33.Qc5 Nf6 34.g4 Nd7 35.Qd6 Nf6 36.h4 h5
37.g5 Ng8 38.Kf2 e5 39.Qxe5 Rxa3 40.f4 f6 41.Qe6  1-0

[Event "27th Open A"]
[Site "Collado Villalba ESP"]
[Date "2010.08.25"]
[Round "6"]
[White "Alcazar Jimenez,J"]
[Black "Davicce Canada,J"]
[Result "1-0"]
[WhiteElo "2287"]
[BlackElo "2080"]

1.Nf3 d5 2.g3 c6 3.Bg2 Nf6 4.O-O Bg4 5.Ne5 Bh5 6.d4 Nbd7 7.c4 e6 8.Nc3 Be7
9.Nd3 dxc4 10.Nf4 Bg6 11.e4 O-O 12.d5 cxd5 13.Nxg6 hxg6 14.exd5 Nxd5 15.Nxd5 exd5
16.Qxd5 Nc5 17.Qxc4 Qd3 18.Qxd3 Nxd3 19.Be3 Bc5 20.Bxc5 Nxc5 21.Rac1 Rac8
22.Rfd1 b6 23.b4 Ne6 24.Bd5 Rxc1 25.Rxc1 Rd8 26.Bxe6 fxe6 27.Rc7 Rd4 28.a3 a5
29.b5 Rd3 30.Re7 Rd6 31.Kg2 Kf8 32.Rb7 Rd3 33.a4 Ra3 34.Rxb6 Kf7 35.Ra6 Rxa4
36.b6 Rb4 37.f4 a4 38.Kf3 Kf6 39.h4 Rb3+ 40.Ke4 a3 41.Kd4 a2 42.Kc5 Rb2 43.Kc6 Kf5
44.b7 Rc2+ 45.Kd7 Rb2 46.Kc8 Rc2+ 47.Kb8 Kg4 48.Ka8 Rb2 49.b8=Q Rxb8+ 50.Kxb8 Kxg3
51.Rxa2 Kxf4 52.Rg2 e5 53.Rxg6  1-0

[Event "Sants Open A"]
[Site "La Bordeta ESP"]
[Date "2010.08.25"]
[Round "6"]
[White "Markowski,T"]
[Black "Richter,Mic"]
[Result "1-0"]
[WhiteElo "2628"]
[BlackElo "2428"]

1.g3 d5 2.Nf3 Bg4 3.Bg2 Nd7 4.d3 e6 5.h3 Bxf3 6.Bxf3 Ngf6 7.b3 Bc5 8.Bb2 Qe7
9.a3 e5 10.e4 dxe4 11.dxe4 O-O-O 12.Qe2 Bd4 13.c3 Bb6 14.b4 h5 15.h4 Ng4
16.Bxg4 hxg4 17.Nd2 Kb8 18.O-O-O Nf6 19.c4 Bd4 20.Nb3 c5 21.Bxd4 cxd4 22.Kb2 Qe6
23.Rhe1 g5 24.hxg5 Nh7 25.Nc5 Qc8 26.Nd3 Qe6 27.g6 fxg6 28.Rc1 Ng5 29.c5 Nf3
30.c6 bxc6 31.Red1 Rh7 32.Rc2 Qd6 33.Rdc1 Rc8 34.Rc5 Rb7 35.Qc2 a6 36.Qc4 Rb6
37.Rc2 Ka7 38.Ka2 Rc7 39.a4 Qf6 40.a5 Rbb7 41.Rxc6 Rxc6 42.Qxc6 Qxc6 43.Rxc6 g5
44.Ka3 Rd7 45.Nc5 Rd8 46.Rxa6+ Kb8 47.Rb6+ Ka8 48.Ra6+ Kb8 49.Nd3 Rc8 50.Kb2 Rc3
51.Nc5 Nd2 52.Nd7+ Kb7 53.Rb6+ Kc7 54.Nxe5 Nxe4 55.b5 d3 56.Rc6+ Rxc6 57.Nxc6 Nxf2
58.Kc3 Ne4+ 59.Kxd3 Nxg3 60.Nd4 Nh5 61.b6+ Kb7 62.Kc4 Ka6 63.Ne6 Kb7 64.Kb5 Nf6
65.a6+  1-0

[Event "6th Prospero A Pichay Cup"]
[Site "Manila PHI"]
[Date "2010.08.25"]
[Round "7"]
[White "Dimakiling,O"]
[Black "Elorta,D"]
[Result "0-1"]
[WhiteElo "2418"]
[BlackElo "2363"]

1.Nf3 d5 2.g3 Nf6 3.Bg2 e6 4.O-O Be7 5.c4 O-O 6.d4 c6 7.Nbd2 b6 8.Qc2 Bb7
9.e4 dxc4 10.Nxc4 Nbd7 11.Rd1 c5 12.d5 exd5 13.exd5 Bxd5 14.Bf4 Qc8 15.Nh4 Bxg2
16.Nf5 Re8 17.Kxg2 Qc6+ 18.Kg1 Bf8 19.Ncd6 Bxd6 20.Rxd6 Qf3 21.Rf1 Qh5 22.f3 Nf8
23.g4 Qg6 24.Qc3 h5 25.Nh4 Qh7 26.g5 Ng6 27.Bg3 Nxh4 28.Bxh4 Qg6 29.Rfd1 Re2
30.Qc1 Rae8 31.Qf4 R8e6 32.Rxe6 Rxe6 33.Bf2 Ne8 34.Rd7 a5 35.Rb7 Re2 36.h4 Nd6
37.Rxb6 Qb1+ 38.Kg2 Qe1 39.Qe3 Nf5 40.Rb8+ Kh7 41.Qxc5 Rxf2+ 42.Qxf2 Nxh4+
43.Kg3 Nf5+ 44.Kg2 Ne3+  0-1

[Event "6th Prospero A Pichay Cup"]
[Site "Manila PHI"]
[Date "2010.08.26"]
[Round "9"]
[White "Senador,E"]
[Black "Dableo,R"]
[Result "1/2-1/2"]
[WhiteElo "2393"]
[BlackElo "2448"]

1.Nf3 d5 2.g3 c6 3.Bg2 Nf6 4.O-O Bf5 5.d3 h6 6.Nbd2 e6 7.Qe1 Be7 8.e4 Bh7
9.Qe2 a5 10.Re1 O-O 11.e5 Nfd7 12.Nf1 c5 13.h4 Nc6 14.N1h2 b5 15.Bf4 b4 16.Rad1 Nb6
17.Kh1 Kh8 18.Rg1 Rg8 19.h5 a4 20.g4 b3 21.cxb3 axb3 22.a3 c4 23.dxc4 Nxc4
24.Ne1 Ra4 25.Bg3 Qb6 26.Nhf3 Qa6 27.Nd3 N4a5 28.Bh3 Nd4 29.Nxd4 Rxd4 30.Bf1 Bxd3
31.Rxd3 Rxd3 32.Qxd3 Qxd3 33.Bxd3  1/2-1/2

[Event "6th Prospero A Pichay Cup"]
[Site "Manila PHI"]
[Date "2010.08.26"]
[Round "9"]
[White "De Ramos,Ju"]
[Black "Tirto"]
[Result "1-0"]
[WhiteElo "2368"]
[BlackElo "2360"]

1.Nf3 d5 2.g3 c5 3.c4 Nf6 4.Bg2 Nc6 5.O-O e5 6.cxd5 Nxd5 7.Nc3 Be6 8.d3 Be7
9.Bd2 O-O 10.a4 f6 11.a5 Qd7 12.Qa4 Rfd8 13.Rfc1 Rac8 14.Nxd5 Bxd5 15.Bc3 Rb8
16.Nd2 b5 17.axb6 axb6 18.Bxd5+ Qxd5 19.Qc4 Kf8 20.Qxd5 Rxd5 21.Ra6 Ke8 22.Nc4 Bd8
23.Rca1 Rd7 24.Kg2 Bc7 25.R1a3 Ne7 26.Ne3 Kd8 27.Ra1 Kc8 28.h4 Nc6 29.h5 Kb7
30.R6a2 b5 31.b3 Rdd8 32.g4 Ra8 33.Rxa8 Rxa8 34.Rxa8 Kxa8 35.Nd5 Bd8 36.Kf3 b4
37.Bb2 Na5 38.g5 fxg5 39.Bxe5 Nxb3 40.Bxg7 Kb7 41.Bb2 Kc6 42.e4 Kb5 43.e5 c4
44.dxc4+ Kxc4 45.Nf6 Nd4+ 46.Kg4 Ne6 47.Nxh7 Kb3 48.Bc1 Kc2 49.Nxg5 Nf8 50.Be3 Bxg5
51.Bxg5 b3 52.e6 Nxe6 53.Bf6 Kd3 54.h6 Nf8 55.Kf5 Kc4 56.f4 Kd5 57.Bb2 Kd6
58.Kf6 Kd7 59.f5 Ke8 60.Kg7 Ke7 61.h7 Nxh7  1-0

[Event "6th Geller Memorial Open A"]
[Site "Odessa UKR"]
[Date "2010.08.26"]
[Round "6"]
[White "Muhtarov,L"]
[Black "Kharchenko,B"]
[Result "0-1"]
[WhiteElo "2169"]
[BlackElo "2442"]

1.Nf3 d5 2.g3 c5 3.Bg2 Nc6 4.d3 e5 5.O-O f6 6.Nbd2 Be6 7.e4 Nge7 8.c3 d4
9.cxd4 cxd4 10.Ne1 Nc8 11.f4 Qd7 12.f5 Bf7 13.Bf3 Nd6 14.Bh5 g6 15.fxg6 hxg6
16.Bg4 Qe7 17.Nb3 Bh6 18.Bxh6 Rxh6 19.Rc1 Kf8 20.Nc5 Kg7 21.Qf3 g5 22.Rf2 Rd8
23.Qd1 Nc4 24.Nxb7 Qxb7 25.dxc4 d3 26.Rd2 Nd4 27.Bf3 Bg6 28.Nxd3 Bxe4 29.Bxe4 Qxe4
30.Ne1 Qe3+ 31.Kf1 Qe4 32.Kg1 Rdh8 33.Rc3 g4 34.c5 f5 35.Rcd3 a5 36.b3 Rc8
37.Rc3 Rhc6 38.Kf2 Rxc5 39.Rxc5 Rxc5 40.Nd3 Rd5 41.Nb2 Rd8 42.Nc4 Rh8 43.Qg1 Nf3
44.Rd7+ Kf6 45.Nd2 Rxh2+ 46.Qxh2 Qe1+ 47.Kg2 Qe2+ 48.Kh1 Qxh2+  0-1

[Event "TCh-ESP CECLUB Honor"]
[Site "Sestao ESP"]
[Date "2010.08.26"]
[Round "4"]
[White "Perez Candelario,Man"]
[Black "Ubilava,E"]
[Result "1/2-1/2"]
[WhiteElo "2526"]
[BlackElo "2528"]

1.Nf3 d5 2.g3 Nf6 3.d4 e6 4.Bg2 Be7 5.O-O O-O 6.c4 dxc4 7.Qc2 a6 8.a4 Bd7
9.Qxc4 Bc6 10.Nc3 a5 11.Rd1 Na6 12.Ne5 Bxg2 13.Kxg2 c6  1/2-1/2

[Event "BDO Challengers"]
[Site "Haarlem NED"]
[Date "2010.08.27"]
[Round "7"]
[White "De Wit,T"]
[Black "Kuipers,S"]
[Result "1/2-1/2"]
[WhiteElo "2268"]
[BlackElo "2354"]

1.Nf3 d5 2.g3 Nf6 3.Bg2 c6 4.O-O Bg4 5.d3 Nbd7 6.Qe1 e5 7.e4 dxe4 8.dxe4 Bc5
9.Nbd2 O-O 10.h3 Bh5 11.Nc4 Qe7 12.Nh4 Bg6 13.a3 Qe6 14.Na5 Rab8 15.Qe2 b5
16.Kh2 Bb6 17.Nb3 c5 18.c4 Qxc4 19.Qxc4 bxc4 20.Nd2 c3 21.Nxg6 hxg6 22.bxc3 Ba5
23.c4 Nb6 24.Ra2 Bc3 25.Rc2 Na4 26.f4 Rfd8 27.fxe5 Bxe5 28.Nf3 Nd7 29.Rd1 f6
30.h4 Bc7 31.Bh3 Ne5 32.Be6+ Kf8 33.Rxd8+ Rxd8 34.Nxe5 Bxe5 35.Bd5 Rd6 36.Bf4 Rb6
37.Rf2 Rb2 38.Rxb2 Nxb2 39.Bxe5 fxe5 40.Kg2 Ke7 41.g4 Nd3 42.Kf3 Nf4 43.g5 Kd6
44.Bf7 Kd7 45.Bd5 Ke7 46.Kg4 Ng2 47.Kf3 Ne1+ 48.Ke2 Nc2 49.Kd2 Nd4 50.Ke3 a5
51.a4 Ke8 52.Kf2 Kf8 53.Ke3 Ke7 54.Kf2 Nc2 55.Ke2 Nb4 56.Bb7 Kd6 57.Kd2 Ke7  1/2-1/2

[Event "17th WGM"]
[Site "Graz AUT"]
[Date "2010.08.28"]
[Round "1"]
[White "Kopinits,A"]
[Black "Exler,V"]
[Result "1/2-1/2"]
[WhiteElo "2187"]
[BlackElo "2143"]

1.Nf3 d5 2.g3 Nf6 3.Bg2 c5 4.O-O Nc6 5.d4 cxd4 6.Nxd4 e6 7.b3 Bc5 8.Bb2 O-O
9.Nxc6 bxc6 10.Nd2 Bb7 11.e3 a5 12.a4 Re8 13.Nf3  1/2-1/2

[Event "TCh-SUI 2010"]
[Site "Switzerland SUI"]
[Date "2010.08.28"]
[Round "6.1"]
[White "Hickl,J"]
[Black "Charnushevich,A"]
[Result "1/2-1/2"]
[WhiteElo "2572"]
[BlackElo "2501"]

1.g3 d5 2.Nf3 c6 3.Bg2 Bg4 4.c4 Nf6 5.Ne5 Be6 6.cxd5 Bxd5 7.Nf3 e5 8.Nc3 e4
9.Ng5 e3 10.f3 exd2+ 11.Qxd2 Nbd7 12.O-O Bc5+ 13.Kh1 O-O 14.b3 h6 15.e4 Bxb3
16.axb3 hxg5 17.Qxg5 Bd4 18.Qd2 Nc5 19.Qc2 Qb6 20.Rb1 Ne6 21.Na4 Qb5 22.f4 Ng4
23.e5 Rad8 24.h3 Ne3 25.Bxe3 Bxe3 26.f5 Nc7 27.Rf3 Rd2 28.Qe4 Bh6 29.Re1 Re8
30.e6 fxe6 31.f6 Rf8 32.Nc3 Qh5 33.Qb4 Rxf6 34.Rxf6 gxf6 35.Qxb7 Nd5 36.Nxd5 cxd5
37.Qc8+ Kh7 38.Qxe6 Qg5  1/2-1/2

[Event "Open"]
[Site "Baku AZE"]
[Date "2010.08.29"]
[Round "7"]
[White "Alavi,S"]
[Black "Savchenko,B"]
[Result "0-1"]
[WhiteElo "2413"]
[BlackElo "2623"]

1.Nf3 d5 2.g3 Bg4 3.Bg2 c6 4.O-O Nd7 5.d3 Ngf6 6.h3 Bh5 7.Nbd2 e6 8.Qe1 Qc7
9.e4 Bc5 10.e5 Ng8 11.d4 Bb6 12.c4 Bxf3 13.Nxf3 dxc4 14.Qc3 Ne7 15.Qxc4 c5
16.Bg5 cxd4 17.Qxc7 Bxc7 18.Nxd4 Bxe5 19.Rad1 Nd5 20.Bxd5 exd5 21.Nf3 f6
22.Nxe5 Nxe5 23.Bf4 O-O-O 24.Bxe5 fxe5 25.Rfe1 Rhe8 26.Re2 Kc7 27.f3 Kd6
28.Kg2 a5 29.Red2 Ke6 30.Rd3 b5 31.Kf2 g5 32.Ke3 Rf8 33.Rb3 b4 34.a3 Rb8
35.Ra1 bxa3 36.Raxa3 h5 37.Rxb8 Rxb8 38.b3 g4 39.hxg4 hxg4 40.f4 Rb7 41.fxe5 Kxe5
42.Kf2 Ke4 43.Rxa5 Rxb3 44.Ra8 Rb2+ 45.Kf1 d4 46.Rf8 d3 47.Rd8 Ke5  0-1

[Event "17th IM"]
[Site "Graz AUT"]
[Date "2010.08.29"]
[Round "2"]
[White "Handler,L"]
[Black "Schnider,G"]
[Result "1/2-1/2"]
[WhiteElo "2115"]
[BlackElo "2309"]

1.Nf3 d5 2.g3 Nf6 3.Bg2 c6 4.O-O Bg4 5.d3 Nbd7 6.Nbd2 e6 7.h3 Bh5 8.e4 Qc7
9.Qe2 dxe4 10.dxe4 e5 11.b3 Bc5  1/2-1/2

[Event "ch-RUS Higher League w"]
[Site "St Petersburg RUS"]
[Date "2010.08.29"]
[Round "4"]
[White "Kovalevskaya,E"]
[Black "Tomilova,E"]
[Result "1/2-1/2"]
[WhiteElo "2447"]
[BlackElo "2311"]

1.Nf3 d5 2.g3 c5 3.Bg2 Nc6 4.d4 e6 5.O-O Nf6 6.c4 Be7 7.cxd5 exd5 8.dxc5 Bxc5
9.Bg5 Be6 10.Nc3 d4 11.Bxf6 Qxf6 12.Ne4 Qe7 13.Nxc5 Qxc5 14.Rc1 Qb6 15.Ng5 Bf5
16.e4 Bg6 17.f4 h6 18.f5 hxg5 19.fxg6 f6 20.Rxc6 bxc6 21.Qg4 d3+ 22.Kh1 Qd4
23.Qe6+ Kd8 24.e5 d2 25.exf6 d1=Q 26.Qe7+ Kc8 27.fxg7 Qxf1+ 28.Bxf1 Qd5+
29.Kg1 Qd4+ 30.Kh1 Qd5+ 31.Kg1 Qd4+  1/2-1/2